000
00335nam a2200157Ia 4500
100
_a
Deitel/H.M/ Deitel/P.J
650
_a
XML
942
_c
BK
366
_f
25
245
_a
XML How to program:Featuring Java 2
260
_b
Pearson
_c
2001
082
_a
5.1
_b
DEI
300
_a
934
546
_a
ENGLISH
_c
electronics
999
_c
29213
_d
29213